000
00209nam a22000977a 4500
999
_c
261260
_d
261259
020
_a
9780545244336
100
_a
Karen Beaumont
245
_a
Doggone Dogs
260
_a
New York
_b
Scholastic
_c
2008
942
_c
BK